MARC

LEADER 00000nam0a2200000 4500
001 33988
005 20231101210214.0
035 |a (RuTPU)RU\TPU\book\34362 
035 |a BOOK00001013 
090 |a 33988 
100 |a 20011210d1981 m y0rusy50 ca 
101 0 |a rus 
102 |a RU 
105 |a y j 000zy 
200 1 |a Проектирование, монтаж и эксплуатация тепломассообменных установок  |e учебное пособие  |f А. М. Бакластов, В. А. Горбенко, П. Г. Удыма 
210 |a Москва  |c Энергоиздат  |d 1981 
215 |a 336 с. 
451 1 |0 (RuTPU)RU\TPU\book\35101  |t Проектирование, монтаж и эксплуатация теплоиспользующих установок  |o учебное пособие  |f А. М. Бакластов  |c Москва  |n Энергия  |d 1970  |p 568 с.  |a Бакластов, Арсений Михайлович 
606 |a Теплообменные аппараты  |x Проектирование  |2 stltpush  |3 (RuTPU)RU\TPU\subj\31457  |9 54303 
606 |a Теплообменные аппараты  |x Теплотехника  |2 stltpush  |3 (RuTPU)RU\TPU\subj\31453  |9 54299 
610 1 |a инженерное проектирование 
610 1 |a основы 
610 1 |a теплообменные аппараты 
610 1 |a проектирование 
610 1 |a монтаж 
610 1 |a эксплуатация 
610 1 |a учебные пособия 
675 |a 621.1.016.4(075.8)  |v 3 
675 |a 66.045.1(075.8)  |v 3 
700 1 |a Бакластов  |b А. М.  |g Арсений Михайлович 
701 1 |a Горбенко  |b В. А.  |g Владимир Афанасьевич 
701 1 |a Удыма  |b П. Г.  |g Петр Григорьевич 
801 0 |a RU  |b 63413507  |c 20011210  |g PSBO 
801 2 |a RU  |b 63413507  |c 20201008  |g PSBO 
900 |a Основы инженерного проектирования 
900 |a Промышленные тепломассообменные процессы и установки 
900 |a Оборудование и основы проектирования в технологии неорганических веществ 
942 |c BK